Statistics for Ten Commandments Unit 3 Quiz

Click here to take the quiz!

General Stats

  • This quiz has been taken 4 times
  • The average score is 1 of 10

Answer Stats

NumberCommandment% Correct
5.Do not murder
67%
7.Do not steal
33%
1.No other gods before me (Idolatry)
33%
8.Do not bear false witness
0%
6.Do not commit adultery
0%
9.Do not covet neighbour's wife
0%
10.Do not desire anything that is your neighbour's
0%
2.Do not take the Lord's name in vain
0%
4.Honour Mother and Father
0%
3.Observe and keep Sabbath holy
0%

Score Distribution

Percentile by Number Answered

Percent of People with Each Score

Your Score History

You have not taken this quiz